[Event "Baia Mare Maramures op"]
[Site "Baia Mare"]
[Date "2023.09.01"]
[Round "4"]
[White "Gulias, Alin Constantin"]
[Black "Casangiu, Paul Horatiu"]
[Result "0-1"]
[WhiteElo "1700"]
[BlackElo "1919"]
[PlyCount "72"]
[EventDate "2023.08.31"]
[EventType "swiss"]
[EventRounds "9"]
[EventCountry "ROU"]
[SourceTitle "EXT 2024"]
[Source "ChessBase"]
[SourceDate "2023.10.10"]
[SourceVersion "1"]
[SourceVersionDate "2023.10.10"]
[SourceQuality "1"]

1. d4 Nf6 2. c4 e6 3. Nc3 d5 4. e3 c6 5. Nf3 Bd6 6. Bd3 0-0 7. 0-0 Nbd7 8. cxd5 exd5 9. a3 Re8 10. b4 a6 11. Bf5 Nf8 12. Bxc8 Rxc8 13. Na4 Bb8 14. Qd3 Ne4 15. Bd2 Ng6 16. g3 h5 17. Nc5 Qe7 18. Rfc1 h4 19. a4 Bd6 20. Rc2 Qf6 21. Qe2 Re7 22. Be1 Rce8 23. Nxe4 dxe4 24. Nd2 Qf5 25. Nc4 Bc7 26. Na3 Qg5 27. Kh1 f5 28. b5 f4 29. exf4 Nxf4 30. Qe3 Qg4 31. Bb4 Rf7 32. gxf4 Bxf4 33. Qb3 e3 34. Re1 Qf3+ 35. Kg1 exf2+ 36. Rxf2 Rxe1+ 0-1

[Event "Arad op 12th"]
[Site "Arad"]
[Date "2019.07.24"]
[Round "1"]
[White "Gulias, Alin Constantin"]
[Black "Patrascu, Catalin Lucian"]
[Result "1-0"]
[WhiteElo "1788"]
[BlackElo "2292"]
[PlyCount "109"]
[EventDate "2019.07.24"]
[EventType "swiss"]
[EventRounds "9"]
[EventCountry "ROU"]
[SourceTitle "CBM 191 Extra"]
[Source "ChessBase"]
[SourceDate "2019.09.30"]
[SourceVersion "1"]
[SourceVersionDate "2019.09.30"]
[SourceQuality "1"]

1. d4 Nf6 2. c4 e6 3. Nc3 Bb4 4. Nf3 0-0 5. e3 d5 6. Bd2 c5 7. a3 Bxc3 8. Bxc3 Ne4 9. Qc2 Nxc3 10. Qxc3 cxd4 11. exd4 b6 12. Bd3 dxc4 13. Be4 Nc6 14. Bxc6 Rb8 15. Qxc4 b5 16. Qc5 Bb7 17. Bxb7 Rxb7 18. 0-0 a6 19. Rac1 Qa5 20. Ne5 Qd2 21. Rc2 Qf4 22. g3 Qf5 23. Qc6 Ra7 24. Rfc1 h6 25. Qb6 Raa8 26. Rc3 Qe4 27. Re3 Qd5 28. Nc6 Qa2 29. Re2 Rfe8 30. Qc5 Qb3 31. Qc3 Qd5 32. Nb4 Qh5 33. Re5 Qh3 34. Qf3 g6 35. Rc7 Rf8 36. Nc6 Kg7 37. d5 exd5 38. Ree7 Qf5 39. Qxf5 gxf5 40. Ne5 Kf6 41. f4 Rac8 42. Kf2 h5 43. Ke3 h4 44. Kd3 hxg3 45. hxg3 Rxc7 46. Rxc7 Rg8 47. Rxf7+ Ke6 48. Ra7 d4 49. Kxd4 Rxg3 50. Rxa6+ Ke7 51. b4 Rg2 52. Kc5 Kd8 53. Kxb5 Kc7 54. Rf6 Rc2 55. Rc6+ 1-0